The meaning of sex : (Record no. 126896)
[ view plain ]
| 000 -LEADER | |
|---|---|
| fixed length control field | 01897cam a22002894a 4500 |
| 001 - CONTROL NUMBER | |
| control field | 15574931 |
| 003 - CONTROL NUMBER IDENTIFIER | |
| control field | ARRUPE |
| 005 - DATE AND TIME OF LATEST TRANSACTION | |
| control field | 20170905090210.0 |
| 008 - FIXED-LENGTH DATA ELEMENTS--GENERAL INFORMATION | |
| fixed length control field | 090105s2009 miu b 001 0 eng |
| 010 ## - LIBRARY OF CONGRESS CONTROL NUMBER | |
| LC control number | 2008052872 |
| 020 ## - INTERNATIONAL STANDARD BOOK NUMBER | |
| International Standard Book Number | 9780801035715 (pbk.) |
| 020 ## - INTERNATIONAL STANDARD BOOK NUMBER | |
| International Standard Book Number | 0801035716 (pbk.) |
| 035 ## - SYSTEM CONTROL NUMBER | |
| System control number | (OCoLC)ocn263988371 |
| 040 ## - CATALOGING SOURCE | |
| Original cataloging agency | DLC |
| Transcribing agency | DLC |
| Modifying agency | BTCTA |
| -- | YDXCP |
| -- | C#P |
| -- | BWX |
| -- | LNT |
| -- | CDX |
| -- | DLC |
| 050 00 - LIBRARY OF CONGRESS CALL NUMBER | |
| Classification number | BT708 |
| Item number | .H625 2009 |
| 082 00 - DEWEY DECIMAL CLASSIFICATION NUMBER | |
| Classification number | 241/.66 |
| Edition number | 22 |
| 300 ## - PHYSICAL DESCRIPTION | |
| Dimensions | 23 cm. |
| 100 1# - MAIN ENTRY--PERSONAL NAME | |
| Personal name | Hollinger, Dennis P., |
| Dates associated with a name | 1948- |
| 9 (RLIN) | 35601 |
| 245 14 - TITLE STATEMENT | |
| Title | The meaning of sex : |
| Remainder of title | Christian ethics and the moral life / |
| Statement of responsibility, etc | Dennis P. Hollinger. |
| 260 ## - PUBLICATION, DISTRIBUTION, ETC. (IMPRINT) | |
| Place of publication, distribution, etc | Grand Rapids, Mich. : |
| Name of publisher, distributor, etc | Baker Academic, |
| Date of publication, distribution, etc | c2009. |
| 300 ## - PHYSICAL DESCRIPTION | |
| Extent | 272 p. ; |
| 500 ## - GENERAL NOTE | |
| General note | "Unlesss otherwise indicated, Scripture quotations are from the HOLY BIBLE, TODAY'S NEW INTERNATIONAL VERSION. TNIV. Scripture quotations labeled NLT are from the Holy Bible, New Living Translation. Scripture quotations labeled NRSV are from the New Revised Standard Version of the Bible. Svripture quotations labeled NJV are from the King James Version of the Bible."--T.p. verso. |
| 504 ## - BIBLIOGRAPHY, ETC. NOTE | |
| Bibliography, etc | Includes bibliographical references (p. 247-268) and index. |
| 505 0# - FORMATTED CONTENTS NOTE | |
| Formatted contents note | Introduction: What's at stake in sexual morality? -- Pt. 1. Frameworks. Ethical theories and sex -- Worldviews and sex -- The Christian worldview and sex -- The purposes of sex -- Pt. 2. Issues. Sex before marriage -- Sex in marriage -- The challenge of homosexuality -- Reproductive technologies and sexual ethics -- Living in a sex-crazed world. |
| 650 #0 - SUBJECT ADDED ENTRY--TOPICAL TERM | |
| Topical term or geographic name as entry element | Sex |
| General subdivision | Religious aspects |
| -- | Christianity. |
| 9 (RLIN) | 12625 |
| 650 #0 - SUBJECT ADDED ENTRY--TOPICAL TERM | |
| Topical term or geographic name as entry element | Sexual ethics. |
| 9 (RLIN) | 821 |
| 906 ## - LOCAL DATA ELEMENT F, LDF (RLIN) | |
| a | 7 |
| b | cbc |
| c | orignew |
| d | 1 |
| e | ecip |
| f | 20 |
| g | y-gencatlg |
| 942 ## - ADDED ENTRY ELEMENTS (KOHA) | |
| Source of classification or shelving scheme | Library of Congress Classification |
| Koha item type | Monograph ( Printed materials) |
| Withdrawn status | Lost status | Source of classification or shelving scheme | Damaged status | Not for loan | Collection code | Home library | Current library | Shelving location | Date acquired | Total Checkouts | Full call number | Barcode | Checked out | Date last seen | Date checked out | Price effective from | Koha item type |
|---|---|---|---|---|---|---|---|---|---|---|---|---|---|---|---|---|---|
| Library of Congress Classification | Main Collection | ARRUPE LIBRARY | ARRUPE LIBRARY | Main Collection | 05/09/2017 | 2 | BT708 .H625 2008 | 46500027932 | 09/02/2020 | 10/01/2020 | 10/01/2020 | 05/09/2017 | Monograph ( Printed materials) |